000 00801cab a2200241 4500
001 WB2847-46
008 090401t1992 xxu||||| |||| 00| 0 eng d
035 _a(Sirsi) u72967
041 _aeng
245 _aAbuse of market power
260 _c1992
350 _a0
490 _aDTI Press Notice
_v(P/92/776) 30 November 1992 (7)
520 _aA Green Paper `Abuse of market power - consultative document on possible legislative options`, has been introduced by Michael Heseltine to restrain anti-competitive practices.
650 _aCARTELS
650 _aCOMPETITION ACT 1980
650 _aCOMPETITION
650 _aFAIR TRADING ACT 1973
650 _aRESTRICTIVE TRADE PRACTICES
690 _aMANAGEMENT-BUSINESS MANAGEMENT-PROFESSIONAL PRACTICE
942 _n0
948 _c04/03/1997
999 _c46130
_d46130